[Event "Guwahati Smart City op"]
[Site "Guwahati"]
[Date "2024.07.04"]
[Round "4"]
[White "Tanmay, Rajbongshi"]
[Black "Divyanshu, Kumar Singh"]
[Result "1-0"]
[WhiteElo "1960"]
[BlackElo "1813"]
[PlyCount "73"]
[EventDate "2024.07.02"]
[EventType "swiss"]
[EventRounds "10"]
[EventCountry "IND"]
[SourceTitle "CBM 221 Extra"]
[Source "ChessBase"]
[SourceDate "2024.09.30"]
[SourceVersion "1"]
[SourceVersionDate "2024.09.30"]
[SourceQuality "1"]

1. e4 c6 2. d4 d5 3. exd5 cxd5 4. Bd3 Nc6 5. c3 Nf6 6. Bf4 Bg4 7. Qb3 Qd7 8. Nd2 e6 9. Ngf3 Bd6 10. Bxd6 Qxd6 11. 0-0 0-0 12. Rfe1 Bxf3 13. Nxf3 a6 14. Ne5 b5 15. Nxc6 Qxc6 16. a4 Rab8 17. axb5 axb5 18. Qb4 Ne8 19. Bxh7+ Kxh7 20. Qxf8 Qc7 21. Qc5 Qf4 22. Re3 Nf6 23. Rf3 Ra8 24. Rf1 Qb8 25. Qb4 Kg8 26. Qb3 Ne4 27. Qc2 f5 28. Re3 Qf4 29. Rfe1 Kf7 30. f3 Ng5 31. Qe2 Rh8 32. g3 Qb8 33. Rxe6 f4 34. Re5 Rh5 35. Rxg5 Rxg5 36. Qe7+ Kg6 37. g4 1-0